| 000 | 00559nam a22002297a 4500 | ||
|---|---|---|---|
| 003 | UA-OsUOA | ||
| 001 | 25914 | ||
| 007 | ta | ||
| 008 | 20040429b un ||||| |||| 00| 0 ukr d | ||
| 090 |
_a37.013(072) _bП24 |
||
| 942 | _cBK | ||
| 040 |
_aUA-OsUOA _brus _cUA-OsUOA _dUA-OsUOA |
||
| 245 |
_aПедагогика _cПод общ. ред. А.П.Кондратюка |
||
| 300 | _a275 с. | ||
| 955 | _a0 | ||
| 041 | _arus | ||
| 080 | _a37.013(072) | ||
| 260 |
_aКиев _bВища школа _c1976 |
||
| 044 | _aUA | ||
| 650 | 7 | _2UDC | |
| 999 |
_c312219 _d312219 |
||